Statistics for Sports General Knowledge

Click here to take the quiz!

General Stats

  • This quiz has been taken 88 times
  • The average score is 8 of 15

Answer Stats

HintAnswer% Correct
How many World Series have the Yankees won?27
83%
How old was Bryce Harper when he made his MLB debut?19
80%
What QB has played in the most Super Bowl's?Tom Brady
75%
What NFL wide receivers last name is also a color?AJ Green
69%
What team won the first 2 Super Bowls?Packers
69%
Who made an infamous block in the 2016 NBA Finals?Lebron James
65%
What city hosted the 2012 Summer Olympics?London
61%
Name one member from the Boston Celtics big 3Paul Pierce, Kevin Garnett, Ray Allen
52%
Who is the only athlete to play in both a World Series and Super Bowl?Deion Sanders
51%
What college basketball team won back to back championships in 2006-2007?Florida
40%
What historical team upset Virginia in the 2018 NCAA tournament?UMBC
40%
When was the Washington Nationals first full season?2005
32%
What team won the 2005 World Series?White Sox
31%
Who is the only MLB team yet to throw a no hitter?Padres
25%
Who was MVP of the 2016 World Series?Ben Zobrist
19%

Score Distribution

Percentile by Number Answered

Percent of People with Each Score

Your Score History

You have not taken this quiz